[Event "Karl Mala Memorial op 09th"]
[Site "Frankfurt"]
[Date "2005.07.31"]
[Round "6"]
[White "Duenzl, Jens Tobias"]
[Black "Peter, Falco"]
[Result "1-0"]
[WhiteElo "1209"]
[BlackElo "1444"]
[PlyCount "85"]
[EventDate "2005.07.28"]
[EventType "swiss"]
[EventRounds "7"]
[EventCountry "GER"]
[SourceTitle "EXT 2006"]
[Source "ChessBase"]
[SourceDate "2005.11.24"]
[SourceVersion "1"]
[SourceVersionDate "2005.11.24"]
[SourceQuality "1"]

1. e4 d5 2. exd5 Qxd5 3. Nc3 Qa5 4. d4 c6 5. Bd2 Bf5 6. Bc4 e6 7. Nf3 Be7 8. 0-0 Nf6 9. Re1 0-0 10. Nd5 Qd8 11. Nxf6+ Bxf6 12. Qe2 Re8 13. Bf4 Nd7 14. d5 Nb6 15. dxc6 Nd5 16. Bxd5 exd5 17. Qxe8+ Qxe8 18. Rxe8+ Rxe8 19. cxb7 Bxc2 20. b8Q Rxb8 21. Bxb8 Bxb2 22. Re1 Ba3 23. Re8+ Bf8 24. Bd6 h6 25. Rxf8+ Kh7 26. Rxf7 Be4 27. Rxa7 Kg6 28. a4 Kf6 29. a5 g6 30. a6 Ke6 31. Bf8 h5 32. Ng5+ Kf5 33. Nxe4 dxe4 34. Ra8 Kg4 35. Re8 h4 36. h3+ Kf5 37. a7 g5 38. a8Q g4 39. Qxe4+ Kf6 40. Qe6+ Kg5 41. Bd6 g3 42. Rg8+ Kh5 43. Qg6# 1-0

[Event "Karl Mala Memorial op 09th"]
[Site "Frankfurt"]
[Date "2005.07.28"]
[Round "1"]
[White "Duenzl, Jens Tobias"]
[Black "Rafiee, Makan"]
[Result "0-1"]
[WhiteElo "1209"]
[BlackElo "1980"]
[PlyCount "64"]
[EventDate "2005.07.28"]
[EventType "swiss"]
[EventRounds "7"]
[EventCountry "GER"]
[SourceTitle "EXT 2006"]
[Source "ChessBase"]
[SourceDate "2005.11.24"]
[SourceVersion "1"]
[SourceVersionDate "2005.11.24"]
[SourceQuality "1"]

1. e4 c5 2. Nf3 d6 3. d4 cxd4 4. Nxd4 Nf6 5. Bd3 Nc6 6. Be3 e5 7. Nxc6 bxc6 8. Nc3 Be7 9. 0-0 0-0 10. Re1 d5 11. exd5 cxd5 12. Bg5 e4 13. Bb5 Bb7 14. Ne2 Bc5 15. Nd4 Qb6 16. Be3 Bxd4 17. Bxd4 Qxb5 18. Re3 Kh8 19. Rb3 Qd7 20. Qd2 Bc8 21. Qf4 Qf5 22. Qd6 Be6 23. Qc7 Rac8 24. Qd6 Rfd8 25. Qe7 Re8 26. Qxa7 Rxc2 27. Rb7 Qf4 28. Be3 Qd6 29. Rb6 Qe5 30. Qb7 Ng4 31. f4 exf3 32. Re1 Qxh2+ 0-1